[Event "CAN-op"]
[Site "Edmonton CAN"]
[Date "2005.07.12"]
[Round "5"]
[White "Hansen, Eric"]
[Black "Panjwani, Dilip"]
[Result "1-0"]
[WhiteElo "1910"]
[BlackElo "1662"]
[PlyCount "83"]
[GameId "2160767910901693"]
[EventDate "2005.07.09"]
[EventType "swiss"]
[EventRounds "10"]
[EventCountry "CAN"]
[SourceTitle "CBM 107 Extra"]
[Source "ChessBase"]
[SourceDate "2005.09.01"]
[SourceVersion "1"]
[SourceVersionDate "2005.09.01"]
[SourceQuality "1"]

1. e4 c5 2. Nf3 Nc6 3. d4 cxd4 4. Nxd4 g6 5. c4 Nf6 6. Nc3 d6 7. Be2 Nxd4 8. Qxd4 Bg7 9. Be3 O-O 10. Qd2 Qa5 11. h3 Be6 12. O-O Rfc8 13. b3 a6 14. f3 Rc6 15. Rac1 Rac8 16. Nd5 Qxd2 17. Bxd2 Kf8 18. Be3 Nd7 19. Kf2 f5 20. g4 fxe4 21. fxe4 Bf7 22. Rcd1 Be5 23. g5 e6 24. Nb4 R6c7 25. Nd3 Bg7 26. Kg2 Ke7 27. Rf4 Ne5 28. Rdf1 Bg8 29. Nb4 a5 30. Nc2 a4 31. Na3 Rf8 32. bxa4 Rxf4 33. Bxf4 Rc5 34. Rb1 Rc7 35. Rb6 Kd7 36. Nb5 Bf8 37. Nxc7 Kxc7 38. a5 Nd7 39. Rb1 Nc5 40. Rb5 Nxe4 41. Bf3 Nc5 42. Rxc5+ 1-0

[Event "CAN-op"]
[Site "Edmonton CAN"]
[Date "2005.07.13"]
[Round "6.26"]
[White "Gokhale, Anupama"]
[Black "Hansen, Eric"]
[Result "1-0"]
[WhiteElo "2243"]
[BlackElo "1910"]
[PlyCount "99"]
[GameId "2160767910901813"]
[EventDate "2005.07.09"]
[EventType "swiss"]
[EventRounds "10"]
[EventCountry "CAN"]

1. d4 Nf6 2. c4 g6 3. Nc3 Bg7 4. e4 d6 5. Nf3 O-O 6. Be2 c6 7. O-O Nbd7 8. Qc2 Qc7 9. Rd1 e5 10. g3 Ne8 11. Be3 h6 12. c5 dxc5 13. dxc5 f5 14. exf5 gxf5 15. Bc4+ Kh7 16. Nh4 e4 17. Nxe4 Bxb2 18. Nd6 Bxa1 19. Ndxf5 Ne5 20. Bf4 Bxf5 21. Nxf5 Kh8 22. Rxa1 Ng7 23. Nh4 Rf6 24. Ng6+ Rxg6 25. Qxg6 Nxg6 26. Bxc7 Rc8 27. Ba5 Ne5 28. Be2 Re8 29. Rd1 Re7 30. f4 Nd7 31. Bg4 Nf6 32. Bd8 Rf7 33. Bf3 Nd7 34. Bc7 Nxc5 35. Bd6 Nd7 36. h4 Nf5 37. Kf2 Rg7 38. g4 Nxh4 39. Rh1 Rg6 40. Ba3 Nxf3 41. Kxf3 Kh7 42. f5 Rg8 43. Bb2 Rf8 44. Kf4 Nb6 45. g5 Nd5+ 46. Ke5 Re8+ 47. Kd6 Rd8+ 48. Ke6 Kg8 49. Rxh6 Re8+ 50. Kd7 1-0

[Event "CAN-op"]
[Site "Edmonton CAN"]
[Date "2005.07.14"]
[Round "7"]
[White "Hansen, Eric"]
[Black "Goodman, Kevin"]
[Result "0-1"]
[WhiteElo "1910"]
[BlackElo "1740"]
[PlyCount "69"]
[GameId "2160767910901915"]
[EventDate "2005.07.09"]
[EventType "swiss"]
[EventRounds "10"]
[EventCountry "CAN"]
[SourceTitle "CBM 107 Extra"]
[Source "ChessBase"]
[SourceDate "2005.09.01"]
[SourceVersion "1"]
[SourceVersionDate "2005.09.01"]
[SourceQuality "1"]

1. e4 e6 2. d4 d5 3. Nd2 dxe4 4. Nxe4 Nf6 5. Nxf6+ Qxf6 6. Nf3 h6 7. h4 g6 8. Be3 b6 9. Qd2 Bb7 10. Ne5 a6 11. Ng4 Qg7 12. Bf4 Nd7 13. Bxc7 Rc8 14. Bf4 h5 15. Ne3 Be7 16. O-O-O O-O 17. Rh3 Rfd8 18. g4 e5 19. Bh2 exd4 20. Qxd4 Bf6 21. Qb4 a5 22. Qb3 Nc5 23. Rxd8+ Rxd8 24. Qa3 Bc8 25. Be2 Ne6 26. f4 Nd4 27. Bd1 hxg4 28. Nxg4 Ba6 29. Nxf6+ Qxf6 30. Qe3 Nf5 31. Qe5 Qc6 32. Rf3 Rxd1+ 33. Kxd1 Qxf3+ 34. Kd2 Qf2+ 35. Kd1 0-1

[Event "CAN-op"]
[Site "Edmonton CAN"]
[Date "2005.07.15"]
[Round "8.63"]
[White "Raymer, Evan"]
[Black "Hansen, Eric"]
[Result "0-1"]
[WhiteElo "1681"]
[BlackElo "1910"]
[PlyCount "24"]
[GameId "2160767910902049"]
[EventDate "2005.07.09"]
[EventType "swiss"]
[EventRounds "10"]
[EventCountry "CAN"]

1. e4 c5 2. Nc3 Nc6 3. g3 g6 4. Bg2 Bg7 5. d3 e6 6. Be3 Nd4 7. Nge2 Ne7 8. Qd2 Qa5 9. f4 O-O 10. e5 Nef5 11. Bf2 Qb4 12. Nd1 Nxc2+ 0-1

[Event "CAN-op"]
[Site "Edmonton CAN"]
[Date "2005.07.16"]
[Round "9"]
[White "Hansen, Eric"]
[Black "Laming, Ryan"]
[Result "1-0"]
[WhiteElo "1910"]
[BlackElo "1756"]
[PlyCount "103"]
[GameId "2160767910902119"]
[EventDate "2005.07.09"]
[EventType "swiss"]
[EventRounds "10"]
[EventCountry "CAN"]
[SourceTitle "CBM 107 Extra"]
[Source "ChessBase"]
[SourceDate "2005.09.01"]
[SourceVersion "1"]
[SourceVersionDate "2005.09.01"]
[SourceQuality "1"]

1. e4 c5 2. Nf3 d6 3. d4 cxd4 4. Nxd4 Nf6 5. Nc3 a6 6. Be2 e5 7. Nb3 Be7 8. g4 O-O 9. Be3 Be6 10. g5 Nfd7 11. Qd2 b5 12. Nd5 Bxd5 13. Qxd5 Nb6 14. Qb7 N8d7 15. Na5 Qc8 16. O-O-O Nc4 17. Qxc8 Rfxc8 18. Nxc4 bxc4 19. h4 a5 20. f4 exf4 21. Bxf4 Ne5 22. Bxe5 dxe5 23. Rd7 Bc5 24. Rf1 Be3+ 25. Kb1 Bf4 26. Rfd1 h6 27. gxh6 Bxh6 28. Re7 f6 29. Bg4 Rd8 30. Red7 Rxd7 31. Rxd7 c3 32. bxc3 Rb8+ 33. Ka1 a4 34. Rd1 a3 35. Rd3 Kf7 36. c4 Bc1 37. Rb3 Rxb3 38. axb3 Ke7 39. c3 Kd6 40. b4 Kc6 41. Ka2 Bb2 42. Kb3 Bc1 43. h5 Bd2 44. Kxa3 Bxc3 45. Be6 Bd4 46. c5 Kc7 47. Kb3 Kc6 48. Kc4 Kc7 49. b5 Kb7 50. Bd5+ Kc7 51. b6+ Kb8 52. Kb5 1-0

[Event "CAN-op"]
[Site "Edmonton CAN"]
[Date "2005.07.17"]
[Round "10"]
[White "Mattson, Dane"]
[Black "Hansen, Eric"]
[Result "0-1"]
[WhiteElo "1819"]
[BlackElo "1910"]
[PlyCount "84"]
[GameId "2160767910902190"]
[EventDate "2005.07.09"]
[EventType "swiss"]
[EventRounds "10"]
[EventCountry "CAN"]
[SourceTitle "CBM 107 Extra"]
[Source "ChessBase"]
[SourceDate "2005.09.01"]
[SourceVersion "1"]
[SourceVersionDate "2005.09.01"]
[SourceQuality "1"]

1. d4 f5 2. g3 Nf6 3. Bg2 g6 4. c4 Bg7 5. Nc3 d6 6. Nf3 O-O 7. O-O c6 8. Qb3 Kh8 9. Rd1 Qc7 10. d5 Nbd7 11. Qc2 Nb6 12. Qd3 Nfd7 13. Be3 Ne5 14. Nxe5 dxe5 15. Bxb6 Qxb6 16. dxc6 bxc6 17. Na4 Qc7 18. e4 Rb8 19. Rab1 f4 20. a3 g5 21. Nc5 h5 22. h3 g4 23. hxg4 hxg4 24. f3 Qb6 25. b4 a5 26. fxg4 axb4 27. axb4 Qa7 28. Kh2 Bxg4 29. Rd2 Rf6 30. Rf2 Rd6 31. Qb3 Bh6 32. Qc3 Bg7 33. Qb3 Rg8 34. Rh1 Rh6+ 35. Kg1 Qa1+ 36. Rf1 Qd4+ 37. Rf2 Rxh1+ 38. Bxh1 Bf6 39. Qd3 Qxd3 40. Nxd3 fxg3 41. Ra2 Rd8 42. Nc5 Bh3 0-1

[Event "Edmonton June Sectional B"]
[Site "Edmonton CAN"]
[Date "2005.06.10"]
[Round "1"]
[White "Hansen, Eric"]
[Black "Haynes, Nicolas"]
[Result "1/2-1/2"]
[WhiteElo "1900"]
[BlackElo "2054"]
[PlyCount "100"]
[GameId "2160767910967956"]
[EventDate "2005.06.10"]
[EventType "tourn"]
[EventRounds "5"]
[EventCountry "CAN"]

1. e4 d5 2. exd5 Qxd5 3. Qf3 Nf6 4. Nc3 Qxf3 5. Nxf3 c6 6. Bc4 Bf5 7. d3 h6 8. h3 Nbd7 9. Bf4 e6 10. O-O-O Bc5 11. d4 Bb4 12. Ne2 g5 13. Bh2 g4 14. Nh4 Bh7 15. Bf4 O-O-O 16. c3 Be7 17. hxg4 Nxg4 18. Rdf1 Nb6 19. Bb3 Bd3 20. Kd2 Bb5 21. Ng6 Rhe8 22. Nxe7+ Rxe7 23. f3 e5 24. fxg4 exf4 25. Rf2 a5 26. a4 Bc4 27. Bxc4 Nxc4+ 28. Kc2 Ne3+ 29. Kb3 Nxg4 30. Rxf4 Rxe2 31. Rxg4 Rd6 32. Rf1 Rg6 33. Rff4 Kd8 34. Rxg6 fxg6 35. Rh4 h5 36. Rh2 Ke7 37. Ka3 Kd6 38. b4 axb4+ 39. Kxb4 Kd5 40. Kb3 Re1 41. Rh3 Rb1+ 42. Kc2 Rf1 43. Rg3 Kc4 44. Kd2 Rf6 45. Rg5 Kb3 46. a5 Kc4 47. Rc5+ Kb3 48. Rg5 Re6 49. Kd3 Ka4 50. Kc4 Rf6 1/2-1/2

[Event "Edmonton June Sectional B"]
[Site "Edmonton CAN"]
[Date "2005.06.11"]
[Round "2"]
[White "Hughey, Micah"]
[Black "Hansen, Eric"]
[Result "1/2-1/2"]
[WhiteElo "2057"]
[BlackElo "1900"]
[PlyCount "33"]
[GameId "2160767910967959"]
[EventDate "2005.06.10"]
[EventType "tourn"]
[EventRounds "5"]
[EventCountry "CAN"]
[WhiteTeam "Canada"]
[BlackTeam "Canada"]
[WhiteTeamCountry "CAN"]
[BlackTeamCountry "CAN"]

1. e4 c5 2. Nf3 d6 3. d4 cxd4 4. Qxd4 a6 5. c4 Nc6 6. Qd2 Nf6 7. Nc3 e6 8. Bd3 Be7 9. O-O Qc7 10. b3 b6 11. Bb2 Bb7 12. Rac1 Ne5 13. Nxe5 dxe5 14. Rfd1 Rd8 15. Qe1 O-O 16. a3 Nd7 17. b4 1/2-1/2

[Event "Edmonton June Sectional B"]
[Site "Edmonton CAN"]
[Date "2005.06.12"]
[Round "5"]
[White "Kazakevich, Anastasia"]
[Black "Hansen, Eric"]
[Result "1-0"]
[WhiteElo "2024"]
[BlackElo "1900"]
[PlyCount "89"]
[GameId "2160767910967964"]
[EventDate "2005.06.10"]
[EventType "tourn"]
[EventRounds "5"]
[EventCountry "CAN"]
[WhiteTeam "Canada"]
[BlackTeam "Canada"]
[WhiteTeamCountry "CAN"]
[BlackTeamCountry "CAN"]

1. d4 Nf6 2. c4 g6 3. Nc3 Bg7 4. e4 d6 5. Bd3 e5 6. d5 Na6 7. Nge2 Nc5 8. Bc2 a5 9. f3 O-O 10. Be3 Nfd7 11. a3 f5 12. O-O f4 13. Bf2 g5 14. h3 h5 15. Kh1 Rf6 16. b4 axb4 17. axb4 Rxa1 18. Qxa1 Na6 19. Qb2 Rh6 20. Ng1 g4 21. Bd3 Nf8 22. c5 Ng6 23. Ra1 g3 24. Be1 dxc5 25. b5 Nb4 26. Bc4 Kh8 27. Na4 b6 28. Bxb4 cxb4 29. Qxb4 Bf8 30. Qc3 Bd6 31. Nb2 Bd7 32. Nd3 Qf6 33. Ra8+ Nf8 34. Nb4 Rg6 35. Na6 Kg7 36. Bf1 Nh7 37. Ra7 Ng5 38. Nxc7 Kh6 39. Na6 Qd8 40. Nb4 Bc5 41. Nc6 Bxc6 42. bxc6 Qf6 43. Rb7 Rg8 44. Qa1 Qg6 45. Qxe5 1-0

[Event "University of Alberta op"]
[Site "Edmonton CAN"]
[Date "2005.05.07"]
[Round "1"]
[White "Hughey, Micah"]
[Black "Hansen, Eric"]
[Result "0-1"]
[WhiteElo "2075"]
[BlackElo "1780"]
[PlyCount "40"]
[GameId "2160767910968484"]
[EventDate "2005.05.07"]
[EventType "swiss"]
[EventRounds "5"]
[EventCountry "CAN"]
[SourceTitle "CBM 106 Extra"]
[Source "ChessBase"]
[SourceDate "2005.07.01"]
[SourceVersion "1"]
[SourceVersionDate "2005.07.01"]
[SourceQuality "1"]

1. e4 c6 2. d4 d5 3. exd5 cxd5 4. c4 Nf6 5. Nc3 e6 6. Nf3 Nc6 7. c5 Bd7 8. Bf4 b6 9. Nb5 Rc8 10. Bd6 bxc5 11. Bxf8 Kxf8 12. dxc5 Ne4 13. Be2 Qa5+ 14. Nd2 Rb8 15. a3 Qxd2+ 16. Qxd2 Nxd2 17. Kxd2 a6 18. a4 Ke7 19. Rhc1 axb5 20. axb5 Nd4 0-1

[Event "University of Alberta op"]
[Site "Edmonton CAN"]
[Date "2005.05.07"]
[Round "2"]
[White "Hansen, Eric"]
[Black "Yearwood, Roy"]
[Result "1-0"]
[WhiteElo "1780"]
[BlackElo "2117"]
[PlyCount "151"]
[GameId "2160767910968493"]
[EventDate "2005.05.07"]
[EventType "swiss"]
[EventRounds "5"]
[EventCountry "CAN"]
[SourceTitle "CBM 106 Extra"]
[Source "ChessBase"]
[SourceDate "2005.07.01"]
[SourceVersion "1"]
[SourceVersionDate "2005.07.01"]
[SourceQuality "1"]

1. e4 e5 2. Nf3 Nc6 3. Bb5 Nge7 4. O-O g6 5. c3 d6 6. h3 Bg7 7. d4 O-O 8. Re1 Bd7 9. Ba4 Na5 10. Bb3 Nxb3 11. Qxb3 Rb8 12. Be3 Nc6 13. Nbd2 b6 14. Rad1 Qe8 15. dxe5 Be6 16. Qc2 dxe5 17. Ng5 Na5 18. Nxe6 Qxe6 19. b3 Rfd8 20. Nf1 Bf6 21. c4 c6 22. Rxd8+ Rxd8 23. Rd1 Rxd1 24. Qxd1 Nb7 25. Nh2 Qd6 26. Qxd6 Nxd6 27. f3 h5 28. Nf1 Be7 29. Nd2 Ne8 30. Kf2 Nc7 31. Ke2 Ne6 32. Kd3 Kg7 33. Ke2 f5 34. exf5 gxf5 35. Nf1 Kg6 36. Kd3 h4 37. Ke2 Bg5 38. Bxg5 Kxg5 39. Kf2 Nf4 40. a3 Nd3+ 41. Ke3 Ne1 42. Kf2 Nc2 43. a4 a5 44. g3 Nd4 45. Nd2 hxg3+ 46. Kxg3 Ne2+ 47. Kf2 Nf4 48. Kg3 c5 49. Nf1 Ne2+ 50. Kf2 Nd4 51. Ne3 Nxb3 52. Nd5 Nc1 53. Nxb6 Nd3+ 54. Ke3 Nb2 55. Kf2 Kh4 56. Kg2 Nd3 57. Nd7 e4 58. fxe4 fxe4 59. Nf6 Nf4+ 60. Kf2 Nxh3+ 61. Ke3 Ng5 62. Nxe4 Ne6 63. Nd6 Kg5 64. Ke4 Kf6 65. Kd5 Ke7 66. Nb7 Nf4+ 67. Kxc5 Kd7 68. Kb6 Nd3 69. Nc5+ Nxc5 70. Kxc5 Kc7 71. Kb5 Kb7 72. c5 Kc7 73. Kxa5 Kc6 74. Kb4 Kb7 75. Kb5 Ka7 76. c6 1-0

[Event "University of Alberta op"]
[Site "Edmonton CAN"]
[Date "2005.05.07"]
[Round "3"]
[White "Hansen, Eric"]
[Black "Miller, Chris"]
[Result "1-0"]
[WhiteElo "1780"]
[BlackElo "1493"]
[PlyCount "53"]
[GameId "2160767910968504"]
[EventDate "2005.05.07"]
[EventType "swiss"]
[EventRounds "5"]
[EventCountry "CAN"]
[SourceTitle "CBM 106 Extra"]
[Source "ChessBase"]
[SourceDate "2005.07.01"]
[SourceVersion "1"]
[SourceVersionDate "2005.07.01"]
[SourceQuality "1"]

1. e4 Nf6 2. Nc3 d5 3. e5 d4 4. exf6 dxc3 5. fxg7 cxd2+ 6. Bxd2 Bxg7 7. c3 Nd7 8. Nf3 b6 9. Bc4 Bb7 10. Qe2 Nc5 11. O-O-O Qc8 12. Ne5 e6 13. Qh5 Bxe5 14. Qxe5 Rg8 15. Bg5 Nd7 16. Rxd7 Qxd7 17. Rd1 Qxd1+ 18. Kxd1 Bxg2 19. Bxe6 Bf3+ 20. Kc2 Rxg5 21. Bxf7+ Kxf7 22. Qxg5 Rf8 23. Qf4+ Kg8 24. Qxc7 Be4+ 25. Kb3 Rf7 26. Qc8+ Rf8 27. Qe6+ 1-0

[Event "University of Alberta op"]
[Site "Edmonton CAN"]
[Date "2005.05.08"]
[Round "4"]
[White "Lee, Vicente jr."]
[Black "Hansen, Eric"]
[Result "1-0"]
[WhiteElo "2328"]
[BlackElo "1780"]
[PlyCount "87"]
[GameId "2160767910968516"]
[EventDate "2005.05.07"]
[EventType "swiss"]
[EventRounds "5"]
[EventCountry "CAN"]

1. e4 c6 2. d4 d5 3. Nc3 dxe4 4. Nxe4 Bf5 5. Ng3 Bg6 6. Nh3 Nf6 7. Nf4 Nbd7 8. h4 e5 9. dxe5 Qa5+ 10. c3 Qxe5+ 11. Be2 O-O-O 12. Qa4 Bc5 13. Nxg6 hxg6 14. Bf4 Qd5 15. Kf1 Bb6 16. Bc4 Qc5 17. Be3 Qe5 18. Re1 Nc5 19. Qc2 Qc7 20. b4 Ncd7 21. Bxf7 Bxe3 22. Rxe3 Ng4 23. Re4 Rdf8 24. Rxg4 Rxf7 25. Ne4 Ne5 26. Rg5 Rhf8 27. c4 Qe7 28. c5 Kb8 29. Rh3 Rf4 30. Re3 Ng4 31. Re2 Qd7 32. Kg1 a6 33. a4 Nh6 34. Rxg6 Qd4 35. g3 Rf3 36. b5 Nf5 37. bxa6 Qa1+ 38. Kg2 Ne3+ 39. Rxe3 Rxe3 40. fxe3 Qf1+ 41. Kh2 Re8 42. Rxg7 Qxa6 43. Nd6 Rf8 44. Qb2 1-0

[Event "University of Alberta op"]
[Site "Edmonton CAN"]
[Date "2005.05.08"]
[Round "5"]
[White "Fokkema, Jerred"]
[Black "Hansen, Eric"]
[Result "0-1"]
[WhiteElo "1739"]
[BlackElo "1780"]
[PlyCount "114"]
[GameId "2160767910968522"]
[EventDate "2005.05.07"]
[EventType "swiss"]
[EventRounds "5"]
[EventCountry "CAN"]
[SourceTitle "CBM 106 Extra"]
[Source "ChessBase"]
[SourceDate "2005.07.01"]
[SourceVersion "1"]
[SourceVersionDate "2005.07.01"]
[SourceQuality "1"]

1. e4 c6 2. d4 d5 3. exd5 cxd5 4. Nf3 Nc6 5. c3 Nf6 6. Bf4 Bf5 7. Bd3 Bxd3 8. Qxd3 e6 9. O-O Be7 10. Nbd2 O-O 11. Ne5 a6 12. Ndf3 Nd7 13. Nxd7 Qxd7 14. Ng5 Bxg5 15. Bxg5 b5 16. a3 Na5 17. b4 Nc4 18. Rfc1 Ra7 19. Rc2 Rfa8 20. Rca2 a5 21. g3 axb4 22. cxb4 Ra4 23. Kg2 R8a6 24. Qc3 Qa7 25. Bc1 f6 26. f4 Qd7 27. Re2 Qd6 28. Raa2 Rc6 29. Qe1 Kf7 30. h3 Qb8 31. Rec2 Qa8 32. Qd1 Rca6 33. Qh5+ Kg8 34. Qg4 g6 35. Qh4 Kg7 36. g4 Rxa3 37. Rxa3 Rxa3 38. f5 Ra2 39. Qf2 Rxc2 40. Qxc2 e5 41. dxe5 fxe5 42. fxg6 d4+ 43. Kg1 hxg6 44. Qg2 Qxg2+ 45. Kxg2 d3 46. g5 d2 47. Bxd2 Nxd2 48. Kg3 Kf7 49. h4 Ke6 50. Kg4 Nc4 51. h5 gxh5+ 52. Kxh5 Kf7 53. Kg4 Kg6 54. Kf3 Kxg5 55. Ke4 Kf6 56. Kd5 Kf5 57. Kc5 Na3 0-1

[Event "CYCC U14"]
[Site "Victoria CAN"]
[Date "2005.03.24"]
[Round "1.7"]
[White "Hansen, Eric"]
[Black "Lavigne-Theriault, Francis"]
[Result "1-0"]
[WhiteElo "1800"]
[BlackElo "1142"]
[PlyCount "67"]
[GameId "2160767910969225"]
[EventDate "2005.03.24"]
[EventType "swiss"]
[EventRounds "7"]
[EventCountry "CAN"]

1. e4 e5 2. Nf3 Nc6 3. Bb5 d6 4. d4 Bd7 5. O-O Nf6 6. Nc3 Bg4 7. d5 Qd7 8. dxc6 bxc6 9. Bc4 Be7 10. Bg5 O-O 11. Qd3 Rae8 12. h3 Bxh3 13. Nxe5 dxe5 14. Qxh3 Qxh3 15. gxh3 Nh5 16. Bxe7 Rxe7 17. Rad1 Nf4 18. Kh2 Kh8 19. Ne2 h6 20. Nxf4 exf4 21. f3 f5 22. exf5 Rxf5 23. Bd3 Rf8 24. Be4 c5 25. b3 g5 26. Rd5 Rg7 27. Rg1 h5 28. Rdxg5 Rxg5 29. Rxg5 h4 30. Rh5+ Kg7 31. Rxh4 a6 32. Rh7+ Kf6 33. Rxc7 a5 34. Rxc5 1-0

[Event "CYCC U14"]
[Site "Victoria CAN"]
[Date "2005.03.24"]
[Round "2.7"]
[White "Kelman, Sean"]
[Black "Hansen, Eric"]
[Result "1-0"]
[WhiteElo "1571"]
[BlackElo "1800"]
[PlyCount "105"]
[GameId "2160767910969240"]
[EventDate "2005.03.24"]
[EventType "swiss"]
[EventRounds "7"]
[EventCountry "CAN"]

1. e4 c6 2. d4 d5 3. e5 c5 4. Nf3 cxd4 5. Qxd4 Nc6 6. Bb5 a6 7. Bxc6+ bxc6 8. Nc3 e6 9. a3 c5 10. Qd3 Bd7 11. Bd2 Ne7 12. O-O h5 13. Bg5 Qb6 14. Rab1 Bb5 15. Nxb5 Qxb5 16. Qxb5+ axb5 17. c3 Nc6 18. h4 Be7 19. Bxe7 Kxe7 20. Rfe1 Ra4 21. Rbc1 Rha8 22. g3 R8a6 23. Nd2 Nb8 24. Nb1 b4 25. b3 R4a5 26. cxb4 cxb4 27. axb4 Rb5 28. Nc3 Rxb4 29. Na4 Nd7 30. Rc7 Kd8 31. Rxd7+ Kxd7 32. Nc5+ Ke7 33. Nxa6 Rxb3 34. Nc5 Rc3 35. Na4 Ra3 36. Nb2 f6 37. Kg2 Rb3 38. Nd1 Rb1 39. exf6+ gxf6 40. f4 Kd6 41. Kf2 d4 42. Ke2 e5 43. fxe5+ fxe5 44. Kd2 Rb3 45. Rg1 Kd5 46. g4 hxg4 47. Rxg4 Rh3 48. Nf2 Rh2 49. Ke1 Ke6 50. Kf1 e4 51. Rxe4+ Kd5 52. Rg4 d3 53. Kg1 1-0

[Event "CYCC U14"]
[Site "Victoria CAN"]
[Date "2005.03.25"]
[Round "3.6"]
[White "Hansen, Eric"]
[Black "Ang, Adrian"]
[Result "1-0"]
[WhiteElo "1800"]
[BlackElo "1455"]
[PlyCount "76"]
[GameId "2160767910969253"]
[EventDate "2005.03.24"]
[EventType "swiss"]
[EventRounds "7"]
[EventCountry "CAN"]

1. e4 e6 2. d4 d5 3. Nc3 Bb4 4. e5 c5 5. a3 Bxc3+ 6. bxc3 Qc7 7. Nf3 cxd4 8. cxd4 Ne7 9. Bd3 Nbc6 10. Bd2 Bd7 11. O-O Nf5 12. c3 O-O 13. g4 Nfe7 14. Qe2 g6 15. Bg5 Rfe8 16. Qd2 Kf8 17. Bh6+ Kg8 18. Qf4 Qd8 19. Qf6 Nf5 20. Qxd8 Rexd8 21. gxf5 exf5 22. Kh1 Na5 23. Rg1 Rac8 24. Rac1 Kh8 25. Nh4 Rg8 26. Bg5 Kg7 27. Be7 Kh6 28. Rg3 f4 29. Re3 Nb3 30. Rg1 Rxc3 31. Bb1 Rgc8 32. Nf5+ Bxf5 33. Bxf5 Nxd4 34. Rh3+ Kg7 35. Bxc8 Rxc8 36. Rd3 Ne6 37. Rxd5 a6 38. Rd2 h6 1-0

[Event "CYCC U14"]
[Site "Victoria CAN"]
[Date "2005.03.25"]
[Round "4.5"]
[White "Gaciu, Vlad"]
[Black "Hansen, Eric"]
[Result "1-0"]
[WhiteElo "1611"]
[BlackElo "1800"]
[PlyCount "69"]
[GameId "2160767910969266"]
[EventDate "2005.03.24"]
[EventType "swiss"]
[EventRounds "7"]
[EventCountry "CAN"]

1. d4 f5 2. Nf3 Nf6 3. e3 g6 4. Nbd2 Bg7 5. Bd3 O-O 6. e4 fxe4 7. Nxe4 Nxe4 8. Bxe4 d5 9. Bd3 Bg4 10. Be2 Nc6 11. c3 Qd6 12. O-O Rf5 13. Nh4 Bxe2 14. Nxf5 Bxd1 15. Nxd6 Be2 16. Nxb7 Bxf1 17. Kxf1 Rb8 18. Nc5 e5 19. dxe5 Nxe5 20. Ne6 c6 21. Nxg7 Kxg7 22. Bf4 Kf6 23. Re1 Rxb2 24. Bxe5+ Kf5 25. Bd4 g5 26. Bxa7 Rxa2 27. Bd4 Ra6 28. g3 Ra4 29. Re5+ Kg4 30. h3+ Kxh3 31. Rxg5 Rc4 32. Rh5+ Kg4 33. Rh4+ Kf5 34. Rxh7 c5 35. Rc7 1-0

[Event "CYCC U14"]
[Site "Victoria CAN"]
[Date "2005.03.26"]
[Round "5.7"]
[White "Hansen, Eric"]
[Black "Rouleau, Joel"]
[Result "1-0"]
[WhiteElo "1800"]
[BlackElo "1369"]
[PlyCount "57"]
[GameId "2160767910969282"]
[EventDate "2005.03.24"]
[EventType "swiss"]
[EventRounds "7"]
[EventCountry "CAN"]

1. e4 e5 2. Nc3 Nf6 3. g3 Bc5 4. Bg2 Nc6 5. Na4 Bd6 6. Ne2 O-O 7. O-O b5 8. Nac3 b4 9. Nb5 Be7 10. d4 exd4 11. Nexd4 Nxd4 12. Nxd4 c5 13. Nf5 Bb7 14. e5 Bxg2 15. Nxe7+ Kh8 16. Kxg2 Qxe7 17. exf6 Qxf6 18. Qf3 Qg6 19. c3 a5 20. Be3 Rac8 21. Rad1 Rfd8 22. Rd5 d6 23. Rfd1 Qc2 24. R1d2 Qg6 25. Bxc5 Qe6 26. Rxd6 Rxd6 27. Rxd6 Qxa2 28. Qg4 Re8 29. Bd4 1-0

[Event "CYCC U14"]
[Site "Victoria CAN"]
[Date "2005.03.26"]
[Round "6.6"]
[White "Hansen, Eric"]
[Black "Raymer, Evan"]
[Result "1-0"]
[WhiteElo "1800"]
[BlackElo "1617"]
[PlyCount "79"]
[GameId "2160767910969295"]
[EventDate "2005.03.24"]
[EventType "swiss"]
[EventRounds "7"]
[EventCountry "CAN"]

1. e4 c5 2. Nc3 d6 3. g3 e6 4. Bg2 g6 5. Nge2 Bg7 6. O-O Ne7 7. Kh1 a6 8. a4 Nbc6 9. f4 Bd7 10. d3 O-O 11. Be3 Nd4 12. Bg1 Nec6 13. Nxd4 Nxd4 14. Ne2 Nxe2 15. Qxe2 Qc7 16. c3 f5 17. Rfd1 Bc6 18. a5 Rfe8 19. Qc2 Rac8 20. h3 d5 21. exf5 exf5 22. d4 c4 23. b3 Qd6 24. bxc4 dxc4 25. d5 Bb5 26. Qd2 Rcd8 27. Bd4 Bxd4 28. Qxd4 Qe7 29. d6 Qd7 30. Bd5+ Re6 31. Re1 Rde8 32. Rxe6 Rxe6 33. Re1 Bc6 34. Kh2 Bxd5 35. Qxd5 Kf7 36. Re2 Kf8 37. Rd2 Re4 38. Qc5 Qe6 39. d7+ Kg7 40. Qf2 1-0

[Event "CYCC U14"]
[Site "Victoria CAN"]
[Date "2005.03.27"]
[Round "7.4"]
[White "Wang, Shane"]
[Black "Hansen, Eric"]
[Result "0-1"]
[WhiteElo "1748"]
[BlackElo "1800"]
[PlyCount "106"]
[GameId "2160767910969307"]
[EventDate "2005.03.24"]
[EventType "swiss"]
[EventRounds "7"]
[EventCountry "CAN"]

1. e4 e6 2. d4 d5 3. exd5 exd5 4. Bd3 Bd6 5. Nc3 c6 6. Nge2 Nf6 7. Bg5 O-O 8. Qd2 b5 9. O-O-O a5 10. Rdg1 a4 11. f3 b4 12. Nd1 b3 13. cxb3 axb3 14. a3 c5 15. g4 Nc6 16. h4 Nxd4 17. Nxd4 cxd4 18. Kb1 Qa5 19. Qxa5 Rxa5 20. Bxf6 gxf6 21. g5 f5 22. h5 Kg7 23. Rh4 Be6 24. f4 Rc5 25. h6+ Kg8 26. Nf2 Rfc8 27. Nh1 Rc2 28. Bxc2 bxc2+ 29. Kc1 d3 30. Rg2 Rc3 31. Ng3 Rxa3 32. Rxc2 Ra1+ 33. Kd2 dxc2 34. Kxc2 Rg1 35. Nh5 Rg2+ 36. Kc3 d4+ 37. Kxd4 Rxb2 38. Rh1 Rb4+ 39. Ke3 Bc5+ 40. Kd3 Rb3+ 41. Kc2 Rb8 42. Ra1 Rc8 43. Kd3 Rd8+ 44. Ke2 Be7 45. Ra7 Bc4+ 46. Kf3 Bd5+ 47. Ke2 Kf8 48. Ng7 Be4 49. Ra5 Bb4 50. Ra2 Bc3 51. Nh5 Rd3 52. Kf2 Bd4+ 53. Ke2 Rh3 0-1

[Event "Western Canadian op"]
[Site "Richmond CAN"]
[Date "2004.07.09"]
[Round "1.27"]
[White "Lee, John"]
[Black "Hansen, Eric"]
[Result "0-1"]
[WhiteElo "2038"]
[BlackElo "1509"]
[PlyCount "62"]
[GameId "2160767911095465"]
[EventDate "2004.07.09"]
[EventType "swiss"]
[EventRounds "10"]
[EventCountry "CAN"]

1. c4 Nf6 2. Nc3 g6 3. d4 Bg7 4. e4 d6 5. Nf3 Bg4 6. Be2 Nbd7 7. O-O O-O 8. h3 Bxf3 9. Bxf3 e5 10. d5 Nb6 11. Be2 Nfd7 12. Be3 f5 13. exf5 gxf5 14. f4 exf4 15. Bxf4 Ne5 16. Qb3 Ng6 17. Qc2 Qh4 18. Qd2 Nxf4 19. Qxf4 Qe7 20. Bd3 Be5 21. Qf3 f4 22. Rac1 Qg7 23. Rc2 Nd7 24. Be2 Rf6 25. Qd3 Raf8 26. Bg4 Nc5 27. Qd1 Rg6 28. b4 Bxc3 29. bxc5 Bd4+ 30. Kh1 dxc5 31. Re2 Rxg4 0-1